<?xml version="1.0" encoding="UTF-8"?>
<record
    xmlns:xsi="http://www.w3.org/2001/XMLSchema-instance"
    xsi:schemaLocation="http://www.loc.gov/MARC21/slim http://www.loc.gov/standards/marcxml/schema/MARC21slim.xsd"
    xmlns="http://www.loc.gov/MARC21/slim">

  <leader>00609nam a2200169 a 4500</leader>
  <controlfield tag="001">482</controlfield>
  <controlfield tag="003">CDMR</controlfield>
  <controlfield tag="005">20131118100743.0</controlfield>
  <controlfield tag="008">130130s1988||||||||||||||||||||||||||||d</controlfield>
  <datafield tag="040" ind1=" " ind2=" ">
    <subfield code="a">CDMR</subfield>
    <subfield code="b">cat</subfield>
    <subfield code="c">CDMR</subfield>
  </datafield>
  <datafield tag="100" ind1="1" ind2=" ">
    <subfield code="a">Camacho de Chavarria, Alfonsina</subfield>
    <subfield code="9">341</subfield>
  </datafield>
  <datafield tag="245" ind1="1" ind2="0">
    <subfield code="a">Colegio de Periodistas de Costa Rica</subfield>
    <subfield code="b">: un aliado de la libre emisi&#xF3;n del pensamiento</subfield>
    <subfield code="c">[por Alfonsina Camacho de Chavarr&#xED;a]</subfield>
  </datafield>
  <datafield tag="260" ind1=" " ind2=" ">
    <subfield code="a">San Jos&#xE9;</subfield>
    <subfield code="c">1988</subfield>
    <subfield code="b">Colegio de Periodistas de Costa Rica</subfield>
  </datafield>
  <datafield tag="610" ind1="2" ind2=" ">
    <subfield code="9">4295</subfield>
    <subfield code="a">Colegio de Periodistas de Costa Rica</subfield>
  </datafield>
  <datafield tag="710" ind1="0" ind2="4">
    <subfield code="9">4295</subfield>
    <subfield code="a">Colegio de Periodistas de Costa Rica</subfield>
  </datafield>
  <datafield tag="942" ind1=" " ind2=" ">
    <subfield code="c">FULLET</subfield>
    <subfield code="2">udc</subfield>
  </datafield>
  <datafield tag="999" ind1=" " ind2=" ">
    <subfield code="c">482</subfield>
    <subfield code="d">482</subfield>
  </datafield>
  <datafield tag="952" ind1=" " ind2=" ">
    <subfield code="0">0</subfield>
    <subfield code="1">0</subfield>
    <subfield code="4">0</subfield>
    <subfield code="7">0</subfield>
    <subfield code="a">CDMR</subfield>
    <subfield code="b">CDMR</subfield>
    <subfield code="d">2013-01-16</subfield>
    <subfield code="l">0</subfield>
    <subfield code="o">Ci 11/14</subfield>
    <subfield code="p">CDMR13119584</subfield>
    <subfield code="r">2013-01-16</subfield>
    <subfield code="w">2013-01-16</subfield>
    <subfield code="y">FULLET</subfield>
  </datafield>
</record>
